Decolourization and detoxification of wastewater from the pulp and paper industry

Saved in:
Bibliographic Details
Main Author: Gaňová, Petra (Author)
Other Authors: Derco, Ján (Thesis advisor)
Format: Manuscript Book
Language:Slovak
English
Published: 2019
Subjects:
Online Access:http://is.stuba.sk/zp/portal_zp.pl?podrobnosti=135852
Tags: Add Tag
No Tags, Be the first to tag this record!

MARC

LEADER 00000ntm a22000003a 4500
001 stuzp74721
003 SK-STU
005 20190622212140.4
007 ta
008 150427s2015----xo-----f-mn---000-0-slo-d
040 |a STU  |b slo 
041 0 |a eng 
100 1 |a Gaňová, Petra  |u 046290  |4 aut  |U FCHPT Ústav chemického a environmentálneho inžinierstva  |T FCHPT Oddelenie environmentálneho inžinierstva  |X 86834  |U C6290  |Y 120  |7 86834 
242 0 1 |a Odfarbovanie a detoxikácia odpadových vôd z celulózo-papierenského priemyslu  |y slo 
245 1 0 |a Decolourization and detoxification of wastewater from the pulp and paper industry 
260 |c 2019 
650 4 |a odpadová voda  |2 slo 
650 4 |a papierenský priemysel  |2 slo 
650 4 |a farbivá  |2 slo 
650 4 |a wastewater  |2 eng 
650 4 |a pulp and paper industry  |2 eng 
650 4 |a dyes  |2 eng 
700 1 |a Derco, Ján  |u 046290  |k Z1  |4 ths  |U FCHPT Ústav chemického a environmentálneho inžinierstva  |T FCHPT Oddelenie environmentálneho inžinierstva  |X 3304  |U C6290  |Y 120  |7 A000003304 
856 4 |u http://is.stuba.sk/zp/portal_zp.pl?podrobnosti=135852